[Event "DVM U10 2023"]
[Site "Magdeburg GER"]
[Date "2023.12.27"]
[Round "2"]
[White "Rogner, Alexander Luis"]
[Black "Weiß, Jonas"]
[Result "1-0"]
[Termination "normal"]
[Board "2.2"]
[WhiteElo "1531"]
[BlackElo "1167"]
[WhiteClock "00:36:57"]
[BlackClock "00:47:11"]
[WhiteTeam "SF Brackel 1930"]
[BlackTeam "SF München"]
[PlyCount "45"]
[WhiteFideId "34606556"]
[BlackFideId "34637168"]
[EventCountry "GER"]
[EventRounds "7"]
[EventType "team-swiss"]
[EventDate "2023.12.27"]

1. e4 {[%clk 00:55:08]} {[%emt 00:00:02]} c6 {[%clk 00:55:05]} {[%emt
00:00:06]} 2. d4 {[%clk 00:55:07]} {[%emt 00:00:05]} d5 {[%clk 00:55:03]}
{[%emt 00:00:07]} 3. exd5 {[%clk 00:55:06]} {[%emt 00:00:07]} cxd5 {[%clk
00:54:53]} {[%emt 00:00:14]} 4. c4 {[%clk 00:54:57]} {[%emt 00:00:14]} Nf6
{[%clk 00:54:51]} {[%emt 00:00:07]} 5. Nc3 {[%clk 00:54:45]} {[%emt 00:00:17]}
g6 {[%clk 00:54:51]} {[%emt 00:00:05]} 6. Nf3 {[%clk 00:54:34]} {[%emt
00:00:16]} Bg7 {[%clk 00:54:44]} {[%emt 00:00:12]} 7. Be2 {[%clk 00:54:14]}
{[%emt 00:00:24]} O-O {[%clk 00:54:36]} {[%emt 00:00:13]} 8. O-O {[%clk
00:54:14]} {[%emt 00:00:05]} Bf5 {[%clk 00:54:28]} {[%emt 00:00:14]} 9. Qb3
{[%clk 00:52:47]} {[%emt 00:01:31]} Qb6 {[%clk 00:53:09]} {[%emt 00:01:24]} 10.
Qxb6 {[%clk 00:52:36]} {[%emt 00:00:17]} axb6 {[%clk 00:53:08]} {[%emt
00:00:06]} 11. Nxd5 {[%clk 00:52:17]} {[%emt 00:00:23]} Nxd5 {[%clk 00:53:00]}
{[%emt 00:00:13]} 12. cxd5 {[%clk 00:51:56]} {[%emt 00:00:26]} Rd8 {[%clk
00:52:54]} {[%emt 00:00:12]} 13. Bc4 {[%clk 00:51:37]} {[%emt 00:00:23]} b5
{[%clk 00:52:45]} {[%emt 00:00:15]} 14. Bb3 {[%clk 00:50:54]} {[%emt 00:00:48]}
Be4 {[%clk 00:52:19]} {[%emt 00:00:31]} 15. Re1 {[%clk 00:50:28]} {[%emt
00:00:31]} Bxd5 {[%clk 00:51:39]} {[%emt 00:00:45]} 16. Bxd5 {[%clk 00:50:11]}
{[%emt 00:00:22]} Rxd5 {[%clk 00:51:37]} {[%emt 00:00:06]} 17. Rxe7 {[%clk
00:49:08]} {[%emt 00:01:08]} Nc6 {[%clk 00:50:20]} {[%emt 00:01:22]} 18. Rxb7
{[%clk 00:48:10]} {[%emt 00:01:04]} Nxd4 {[%clk 00:50:02]} {[%emt 00:00:23]}
19. Be3 {[%clk 00:41:32]} {[%emt 00:06:42]} Nc2 {[%clk 00:49:08]} {[%emt
00:01:00]} 20. Rc1 {[%clk 00:37:31]} {[%emt 00:04:07]} Rxa2 {[%clk 00:48:54]}
{[%emt 00:00:19]} 21. Rb8+ {[%clk 00:37:24]} {[%emt 00:00:12]} Bf8 {[%clk
00:48:52]} {[%emt 00:00:06]} 22. Bh6 {[%clk 00:37:19]} {[%emt 00:00:09]} Ra1
{[%clk 00:47:11]} {[%emt 00:01:46]} 23. Rxf8# {[%clk 00:36:57]} {[%emt
00:00:27]} 1-0

[Event "DVM U10 2023"]
[Site "Magdeburg GER"]
[Date "2023.12.27"]
[Round "2"]
[White "Mandziuk, Varvara"]
[Black "Hendler, Maximilian"]
[Result "0-1"]
[Termination "normal"]
[Board "2.3"]
[WhiteElo "1136"]
[BlackElo "1290"]
[WhiteClock "00:12:29"]
[BlackClock "00:16:31"]
[WhiteTeam "SF München"]
[BlackTeam "SF Brackel 1930"]
[PlyCount "78"]
[WhiteFideId "34638016"]
[BlackFideId "34616500"]
[EventCountry "GER"]
[EventRounds "7"]
[EventType "team-swiss"]
[EventDate "2023.12.27"]

1. e4 {[%clk 00:55:07]} {[%emt 00:00:02]} c5 {[%clk 00:54:59]} {[%emt
00:00:11]} 2. Nf3 {[%clk 00:55:04]} {[%emt 00:00:09]} d6 {[%clk 00:54:59]}
{[%emt 00:00:05]} 3. d4 {[%clk 00:55:04]} {[%emt 00:00:05]} cxd4 {[%clk
00:55:00]} {[%emt 00:00:04]} 4. Nxd4 {[%clk 00:55:01]} {[%emt 00:00:08]} Nf6
{[%clk 00:55:00]} {[%emt 00:00:05]} 5. Nc3 {[%clk 00:54:55]} {[%emt 00:00:11]}
g6 {[%clk 00:54:55]} {[%emt 00:00:09]} 6. Bd3 {[%clk 00:54:41]} {[%emt
00:00:19]} Bg7 {[%clk 00:54:51]} {[%emt 00:00:09]} 7. Be3 {[%clk 00:54:20]}
{[%emt 00:00:26]} Ng4 {[%clk 00:54:04]} {[%emt 00:00:53]} 8. Qf3 {[%clk
00:53:43]} {[%emt 00:00:42]} Nxe3 {[%clk 00:53:47]} {[%emt 00:00:21]} 9. Qxe3
{[%clk 00:53:42]} {[%emt 00:00:06]} O-O {[%clk 00:52:44]} {[%emt 00:01:09]} 10.
O-O {[%clk 00:53:29]} {[%emt 00:00:18]} Nc6 {[%clk 00:52:02]} {[%emt 00:00:47]}
11. Nde2 {[%clk 00:52:03]} {[%emt 00:01:31]} b6 {[%clk 00:47:52]} {[%emt
00:04:16]} 12. Bb5 {[%clk 00:50:56]} {[%emt 00:01:11]} Bb7 {[%clk 00:47:21]}
{[%emt 00:00:36]} 13. Rad1 {[%clk 00:48:36]} {[%emt 00:02:23]} a6 {[%clk
00:41:48]} {[%emt 00:05:40]} 14. Bd3 {[%clk 00:47:46]} {[%emt 00:00:54]} Ne5
{[%clk 00:37:21]} {[%emt 00:04:33]} 15. h3 {[%clk 00:44:17]} {[%emt 00:03:34]}
e6 {[%clk 00:35:41]} {[%emt 00:01:45]} 16. Na4 {[%clk 00:39:48]} {[%emt
00:04:32]} b5 {[%clk 00:33:46]} {[%emt 00:02:01]} 17. Nb6 {[%clk 00:39:38]}
{[%emt 00:00:15]} Rb8 {[%clk 00:32:57]} {[%emt 00:00:54]} 18. Nc3 {[%clk
00:38:59]} {[%emt 00:00:44]} Bc6 {[%clk 00:31:33]} {[%emt 00:01:30]} 19. f4
{[%clk 00:37:02]} {[%emt 00:02:02]} Nxd3 {[%clk 00:31:08]} {[%emt 00:00:30]}
20. Rxd3 {[%clk 00:36:25]} {[%emt 00:00:41]} Rxb6 {[%clk 00:28:48]} {[%emt
00:02:26]} 21. Kh1 {[%clk 00:35:14]} {[%emt 00:01:16]} b4 {[%clk 00:24:32]}
{[%emt 00:04:21]} 22. Nd1 {[%clk 00:34:09]} {[%emt 00:01:09]} Bb5 {[%clk
00:23:57]} {[%emt 00:00:40]} 23. Qf3 {[%clk 00:26:57]} {[%emt 00:07:17]} Bxd3
{[%clk 00:23:21]} {[%emt 00:00:41]} 24. Qxd3 {[%clk 00:26:51]} {[%emt
00:00:12]} Qc7 {[%clk 00:22:46]} {[%emt 00:00:40]} 25. b3 {[%clk 00:25:45]}
{[%emt 00:01:11]} d5 {[%clk 00:21:34]} {[%emt 00:01:17]} 26. exd5 {[%clk
00:24:59]} {[%emt 00:00:50]} exd5 {[%clk 00:21:18]} {[%emt 00:00:22]} 27. Ne3
{[%clk 00:24:43]} {[%emt 00:00:21]} Rd6 {[%clk 00:20:48]} {[%emt 00:00:35]} 28.
Nxd5 {[%clk 00:22:22]} {[%emt 00:02:25]} Qd7 {[%clk 00:19:03]} {[%emt
00:01:51]} 29. Rd1 {[%clk 00:22:13]} {[%emt 00:00:14]} Rd8 {[%clk 00:18:35]}
{[%emt 00:00:33]} 30. Nb6 {[%clk 00:16:52]} {[%emt 00:05:26]} Rxd3 {[%clk
00:18:11]} {[%emt 00:00:28]} 31. Rxd3 {[%clk 00:16:27]} {[%emt 00:00:30]} Qc7
{[%clk 00:17:26]} {[%emt 00:00:50]} 32. Nd5 {[%clk 00:14:17]} {[%emt 00:02:16]}
Qc5 {[%emt 00:01:00]} 33. Nxb4 {[%clk 00:13:38]} {[%emt 00:00:03]} Rxd3 {[%clk
00:17:05]} {[%emt 00:00:12]} 34. Nxd3 {[%clk 00:13:25]} {[%emt 00:00:18]} Qxc2
{[%clk 00:16:59]} {[%emt 00:00:11]} 35. Nb4 {[%clk 00:13:05]} {[%emt 00:00:25]}
Qc1+ {[%clk 00:16:50]} {[%emt 00:00:14]} 36. Kh2 {[%clk 00:12:56]} {[%emt
00:00:12]} Qxf4+ {[%clk 00:16:51]} {[%emt 00:00:05]} 37. Kg1 {[%clk 00:12:48]}
{[%emt 00:00:12]} Qxb4 {[%clk 00:16:54]} {[%emt 00:00:03]} 38. a4 {[%emt
00:01:14]} Qxb3 {[%clk 00:16:41]} {[%emt 00:00:28]} 39. a5 {[%clk 00:12:29]}
{[%emt 00:00:12]} Qa4 {[%clk 00:16:31]} {[%emt 00:00:15]} 0-1

[Event "DVM U10 2023"]
[Site "Magdeburg GER"]
[Date "2023.12.27"]
[Round "2"]
[White "Hendler, Felicitas"]
[Black "Povetkin, Vsevolod"]
[Result "0-1"]
[Termination "normal"]
[Board "2.4"]
[WhiteElo "1408"]
[BlackElo "1016"]
[WhiteClock "00:33:04"]
[BlackClock "00:30:54"]
[WhiteTeam "SF Brackel 1930"]
[BlackTeam "SF München"]
[PlyCount "62"]
[WhiteFideId "34616519"]
[BlackFideId "34676988"]
[EventCountry "GER"]
[EventRounds "7"]
[EventType "team-swiss"]
[EventDate "2023.12.27"]

1. e4 {[%clk 00:55:06]} {[%emt 00:00:03]} e5 {[%clk 00:55:00]} {[%emt
00:00:08]} 2. f4 {[%clk 00:55:06]} {[%emt 00:00:07]} Nc6 {[%clk 00:53:20]}
{[%emt 00:01:46]} 3. Nf3 {[%clk 00:55:04]} {[%emt 00:00:06]} Bc5 {[%clk
00:52:37]} {[%emt 00:00:49]} 4. Bc4 {[%clk 00:54:27]} {[%emt 00:00:41]} Nf6
{[%clk 00:52:19]} {[%emt 00:00:23]} 5. Nc3 {[%clk 00:54:20]} {[%emt 00:00:12]}
d6 {[%clk 00:51:14]} {[%emt 00:01:10]} 6. d3 {[%clk 00:54:14]} {[%emt
00:00:11]} Ng4 {[%emt 00:01:32]} 7. Qe2 {[%clk 00:52:46]} {[%emt 00:00:50]} O-O
{[%emt 00:01:08]} 8. Bd2 {[%clk 00:52:25]} {[%emt 00:00:01]} Be6 {[%emt
00:01:00]} 9. h3 {[%clk 00:51:44]} Nf6 {[%clk 00:49:24]} {[%emt 00:00:25]} 10.
O-O-O {[%clk 00:51:00]} {[%emt 00:00:49]} Na5 {[%clk 00:48:33]} {[%emt
00:00:54]} 11. Bxe6 {[%clk 00:49:51]} {[%emt 00:01:15]} fxe6 {[%clk 00:48:30]}
{[%emt 00:00:09]} 12. Na4 {[%clk 00:48:47]} {[%emt 00:01:09]} b6 {[%clk
00:47:04]} {[%emt 00:01:31]} 13. fxe5 {[%clk 00:48:30]} {[%emt 00:00:22]} Nh5
{[%clk 00:45:58]} {[%emt 00:01:11]} 14. d4 {[%clk 00:46:28]} {[%emt 00:02:07]}
Ng3 {[%clk 00:43:22]} {[%emt 00:02:41]} 15. Qe1 {[%clk 00:45:45]} {[%emt
00:00:46]} Nxh1 {[%clk 00:41:28]} {[%emt 00:02:00]} 16. dxc5 {[%clk 00:45:38]}
{[%emt 00:00:12]} Qd7 {[%clk 00:39:52]} {[%emt 00:01:42]} 17. Nc3 {[%clk
00:45:11]} {[%emt 00:00:32]} bxc5 {[%clk 00:39:07]} {[%emt 00:00:49]} 18. Qxh1
{[%clk 00:44:37]} {[%emt 00:00:39]} Rab8 {[%clk 00:38:43]} {[%emt 00:00:30]}
19. exd6 {[%clk 00:41:00]} {[%emt 00:03:42]} cxd6 {[%clk 00:36:45]} {[%emt
00:00:45]} 20. e5 {[%clk 00:40:05]} {[%emt 00:02:18]} Qb7 {[%clk 00:35:56]}
{[%emt 00:00:53]} 21. b3 {[%clk 00:39:25]} {[%emt 00:00:45]} c4 {[%clk
00:35:50]} {[%emt 00:00:12]} 22. exd6 {[%clk 00:39:03]} {[%emt 00:00:27]} cxb3
{[%clk 00:35:26]} {[%emt 00:00:29]} 23. cxb3 {[%clk 00:38:58]} {[%emt
00:00:09]} Nxb3+ {[%clk 00:34:03]} {[%emt 00:01:27]} 24. axb3 {[%clk 00:37:14]}
{[%emt 00:01:50]} Qxb3 {[%clk 00:33:57]} {[%emt 00:00:11]} 25. Rg1 {[%clk
00:36:20]} {[%emt 00:01:00]} Rfc8 {[%clk 00:33:35]} {[%emt 00:00:27]} 26. d7
{[%clk 00:35:08]} {[%emt 00:01:16]} Rxc3+ {[%clk 00:33:22]} {[%emt 00:00:18]}
27. Bxc3 {[%clk 00:35:01]} {[%emt 00:00:13]} Qxc3+ {[%clk 00:32:15]} {[%emt
00:01:11]} 28. Kd1 {[%clk 00:34:43]} {[%emt 00:00:23]} Rb1+ {[%clk 00:31:30]}
{[%emt 00:00:51]} 29. Ke2 {[%clk 00:34:04]} {[%emt 00:00:44]} Rb2+ {[%clk
00:31:04]} {[%emt 00:00:31]} 30. Kd1 {[%clk 00:33:31]} {[%emt 00:00:37]} Qc2+
{[%clk 00:30:58]} {[%emt 00:00:11]} 31. Ke1 {[%clk 00:33:04]} {[%emt 00:00:32]}
Qe2# {[%clk 00:30:54]} {[%emt 00:00:09]} 0-1

[Event "DVM U10 2023"]
[Site "Magdeburg GER"]
[Date "2023.12.27"]
[Round "2"]
[White "Chakhalov, Mikael"]
[Black "Botvinnik, Julius"]
[Result "1-0"]
[Termination "normal"]
[Board "3.1"]
[WhiteElo "1623"]
[BlackElo "1516"]
[WhiteClock "00:39:48"]
[BlackClock "00:37:40"]
[WhiteTeam "SK Zehlendorf"]
[BlackTeam "Düsseldorfer SK 14/25"]
[PlyCount "75"]
[WhiteFideId "34644458"]
[BlackFideId "34612149"]
[EventCountry "GER"]
[EventRounds "7"]
[EventType "team-swiss"]
[EventDate "2023.12.27"]

1. e4 {[%clk 00:55:08]} {[%emt 00:00:02]} e5 {[%clk 00:55:02]} {[%emt
00:00:09]} 2. Nf3 {[%clk 00:55:08]} {[%emt 00:00:04]} Nc6 {[%clk 00:55:00]}
{[%emt 00:00:07]} 3. Bc4 {[%clk 00:55:08]} {[%emt 00:00:05]} Bc5 {[%clk
00:54:59]} {[%emt 00:00:07]} 4. Nc3 {[%clk 00:55:05]} {[%emt 00:00:08]} Nf6
{[%clk 00:54:48]} {[%emt 00:00:16]} 5. d3 {[%clk 00:55:01]} {[%emt 00:00:10]}
d6 {[%clk 00:54:44]} {[%emt 00:00:08]} 6. Na4 {[%clk 00:54:56]} {[%emt
00:00:09]} Bb6 {[%clk 00:54:40]} {[%emt 00:00:10]} 7. Nxb6 {[%clk 00:54:56]}
{[%emt 00:00:06]} axb6 {[%clk 00:54:37]} {[%emt 00:00:08]} 8. a3 {[%clk
00:54:45]} {[%emt 00:00:15]} h6 {[%clk 00:54:19]} {[%emt 00:00:23]} 9. h3
{[%clk 00:54:45]} {[%emt 00:00:05]} Be6 {[%clk 00:54:06]} {[%emt 00:00:17]} 10.
Bxe6 {[%clk 00:54:31]} {[%emt 00:00:19]} fxe6 {[%clk 00:54:05]} {[%emt
00:00:07]} 11. O-O {[%clk 00:54:26]} {[%emt 00:00:10]} O-O {[%clk 00:54:04]}
{[%emt 00:00:07]} 12. Be3 {[%clk 00:54:12]} {[%emt 00:00:19]} Qd7 {[%clk
00:51:48]} {[%emt 00:02:21]} 13. Nh2 {[%clk 00:52:33]} {[%emt 00:01:43]} Ne7
{[%clk 00:50:40]} {[%emt 00:01:13]} 14. Ng4 {[%clk 00:51:55]} {[%emt 00:00:43]}
Ng6 {[%clk 00:50:06]} {[%emt 00:00:39]} 15. Nxf6+ {[%clk 00:50:48]} {[%emt
00:01:12]} Rxf6 {[%clk 00:50:00]} {[%emt 00:00:11]} 16. d4 {[%clk 00:50:15]}
{[%emt 00:00:37]} exd4 {[%clk 00:49:50]} {[%emt 00:00:16]} 17. Bxd4 {[%clk
00:50:14]} {[%emt 00:00:06]} e5 {[%clk 00:49:29]} {[%emt 00:00:26]} 18. Be3
{[%emt 00:00:09]} Nf4 {[%clk 00:48:39]} {[%emt 00:00:53]} 19. Bxf4 {[%clk
00:49:41]} {[%emt 00:00:36]} Rxf4 {[%clk 00:48:29]} {[%emt 00:00:15]} 20. Qd5+
{[%clk 00:49:19]} {[%emt 00:00:28]} Qf7 {[%clk 00:47:57]} {[%emt 00:00:37]} 21.
Qxb7 {[%clk 00:49:08]} {[%emt 00:00:15]} Rf8 {[%clk 00:47:27]} {[%emt
00:00:35]} 22. Qd5 {[%clk 00:48:16]} {[%emt 00:00:57]} Qxd5 {[%clk 00:46:08]}
{[%emt 00:01:23]} 23. exd5 {[%clk 00:48:19]} {[%emt 00:00:02]} Kf7 {[%clk
00:45:34]} {[%emt 00:00:40]} 24. Rad1 {[%clk 00:47:16]} {[%emt 00:01:07]} g5
{[%clk 00:44:44]} {[%emt 00:00:55]} 25. f3 {[%clk 00:46:39]} {[%emt 00:00:42]}
Kg6 {[%clk 00:44:39]} {[%emt 00:00:11]} 26. Rfe1 {[%clk 00:46:17]} {[%emt
00:00:27]} h5 {[%clk 00:43:11]} {[%emt 00:01:33]} 27. Re4 {[%clk 00:45:17]}
{[%emt 00:01:05]} Rxe4 {[%clk 00:43:09]} {[%emt 00:00:07]} 28. fxe4 {[%clk
00:45:12]} {[%emt 00:00:09]} Rf4 {[%clk 00:42:57]} {[%emt 00:00:17]} 29. Re1
{[%clk 00:44:52]} {[%emt 00:00:25]} g4 {[%clk 00:42:46]} {[%emt 00:00:16]} 30.
hxg4 {[%clk 00:43:16]} {[%emt 00:01:41]} hxg4 {[%clk 00:42:19]} {[%emt
00:00:32]} 31. Re3 {[%clk 00:42:01]} {[%emt 00:01:20]} Kg5 {[%clk 00:41:46]}
{[%emt 00:00:39]} 32. g3 {[%clk 00:41:44]} {[%emt 00:00:22]} Rf8 {[%clk
00:40:10]} {[%emt 00:01:40]} 33. Rc3 {[%clk 00:41:22]} {[%emt 00:00:28]} Rf7
{[%clk 00:39:55]} {[%emt 00:00:20]} 34. a4 {[%clk 00:40:58]} {[%emt 00:00:29]}
Kf6 {[%clk 00:39:35]} {[%emt 00:00:24]} 35. b4 {[%clk 00:40:34]} {[%emt
00:00:30]} Rd7 {[%clk 00:39:00]} {[%emt 00:00:40]} 36. a5 {[%clk 00:40:18]}
{[%emt 00:00:21]} bxa5 {[%clk 00:37:43]} {[%emt 00:01:22]} 37. bxa5 {[%clk
00:40:20]} {[%emt 00:00:02]} Ke7 {[%clk 00:37:40]} {[%emt 00:00:08]} 38. a6
{[%clk 00:39:48]} {[%emt 00:00:38]} 1-0

[Event "DVM U10 2023"]
[Site "Magdeburg GER"]
[Date "2023.12.27"]
[Round "2"]
[White "Estrin, Boris"]
[Black "Schmidt, Alexander Nadvid"]
[Result "0-1"]
[Termination "normal"]
[Board "3.2"]
[WhiteElo "1115"]
[BlackElo "1462"]
[WhiteClock "00:36:45"]
[BlackClock "00:34:20"]
[WhiteTeam "Düsseldorfer SK 14/25"]
[BlackTeam "SK Zehlendorf"]
[PlyCount "98"]
[WhiteFideId "34649859"]
[BlackFideId "34661360"]
[EventCountry "GER"]
[EventRounds "7"]
[EventType "team-swiss"]
[EventDate "2023.12.27"]

1. e4 {[%clk 00:55:08]} {[%emt 00:00:01]} e5 {[%clk 00:55:00]} {[%emt
00:00:11]} 2. Nf3 {[%clk 00:55:07]} {[%emt 00:00:06]} Nc6 {[%clk 00:54:58]}
{[%emt 00:00:06]} 3. Bb5 {[%clk 00:55:05]} {[%emt 00:00:07]} d6 {[%clk
00:54:46]} {[%emt 00:00:17]} 4. d4 {[%clk 00:55:00]} {[%emt 00:00:10]} exd4
{[%clk 00:54:48]} {[%emt 00:00:03]} 5. Nxd4 {[%clk 00:54:56]} {[%emt 00:00:08]}
Bd7 {[%clk 00:54:17]} {[%emt 00:00:37]} 6. Nxc6 {[%clk 00:54:46]} {[%emt
00:00:16]} Bxc6 {[%clk 00:54:10]} {[%emt 00:00:11]} 7. Bxc6+ {[%clk 00:54:40]}
{[%emt 00:00:11]} bxc6 {[%clk 00:54:08]} {[%emt 00:00:08]} 8. O-O {[%clk
00:54:27]} {[%emt 00:00:17]} Nf6 {[%clk 00:54:08]} {[%emt 00:00:05]} 9. Bg5
{[%clk 00:54:08]} {[%emt 00:00:25]} Be7 {[%clk 00:54:05]} {[%emt 00:00:07]} 10.
Bxf6 {[%clk 00:53:57]} {[%emt 00:00:16]} Bxf6 {[%clk 00:54:04]} {[%emt
00:00:06]} 11. c3 {[%clk 00:53:35]} {[%emt 00:00:27]} O-O {[%clk 00:54:00]}
{[%emt 00:00:09]} 12. Nd2 {[%clk 00:53:24]} {[%emt 00:00:16]} d5 {[%clk
00:53:36]} {[%emt 00:00:30]} 13. Re1 {[%clk 00:52:53]} {[%emt 00:00:35]} Re8
{[%clk 00:53:10]} {[%emt 00:00:31]} 14. Qc2 {[%clk 00:52:47]} {[%emt 00:00:12]}
d4 {[%clk 00:52:17]} {[%emt 00:00:58]} 15. cxd4 {[%clk 00:52:40]} {[%emt
00:00:11]} Bxd4 {[%clk 00:51:39]} {[%emt 00:00:44]} 16. Nf3 {[%clk 00:52:30]}
{[%emt 00:00:14]} Bb6 {[%clk 00:51:01]} {[%emt 00:00:43]} 17. Rad1 {[%clk
00:52:20]} {[%emt 00:00:15]} Qf6 {[%clk 00:50:39]} {[%emt 00:00:28]} 18. e5
{[%clk 00:52:05]} {[%emt 00:00:19]} Qg6 {[%clk 00:49:47]} {[%emt 00:00:57]} 19.
Qd2 {[%clk 00:51:44]} {[%emt 00:00:26]} Qe6 {[%clk 00:49:22]} {[%emt 00:00:30]}
20. b3 {[%clk 00:51:30]} {[%emt 00:00:19]} Qe7 {[%clk 00:49:17]} {[%emt
00:00:11]} 21. Qb2 {[%clk 00:51:17]} {[%emt 00:00:17]} Rad8 {[%clk 00:48:45]}
{[%emt 00:00:37]} 22. Rxd8 {[%clk 00:50:50]} {[%emt 00:00:31]} Rxd8 {[%clk
00:48:43]} {[%emt 00:00:08]} 23. h3 {[%clk 00:50:22]} {[%emt 00:00:32]} h6
{[%clk 00:48:40]} {[%emt 00:00:10]} 24. Qe2 {[%clk 00:49:34]} {[%emt 00:00:53]}
Qc5 {[%clk 00:47:02]} {[%emt 00:01:42]} 25. e6 {[%clk 00:49:11]} {[%emt
00:00:27]} fxe6 {[%clk 00:46:38]} {[%emt 00:00:30]} 26. Qxe6+ {[%clk 00:48:59]}
{[%emt 00:00:17]} Kh8 {[%clk 00:46:22]} {[%emt 00:00:22]} 27. Rf1 {[%clk
00:48:22]} {[%emt 00:00:39]} Rf8 {[%clk 00:46:12]} {[%emt 00:00:15]} 28. Qe2
{[%clk 00:47:48]} {[%emt 00:00:41]} Qf5 {[%clk 00:46:00]} {[%emt 00:00:18]} 29.
Nh4 {[%clk 00:47:26]} {[%emt 00:00:25]} Qg5 {[%clk 00:44:39]} {[%emt 00:01:27]}
30. Nf3 {[%clk 00:47:10]} {[%emt 00:00:21]} Qf4 {[%clk 00:44:24]} {[%emt
00:00:20]} 31. Qd3 {[%clk 00:46:06]} {[%emt 00:01:09]} Qf6 {[%clk 00:43:53]}
{[%emt 00:00:36]} 32. Qe4 {[%clk 00:44:21]} {[%emt 00:01:49]} Qd6 {[%clk
00:43:16]} {[%emt 00:00:43]} 33. Ne5 {[%clk 00:43:47]} {[%emt 00:00:39]} Rf6
{[%clk 00:42:31]} {[%emt 00:00:51]} 34. Nc4 {[%clk 00:42:54]} {[%emt 00:00:57]}
Qc5 {[%clk 00:41:53]} {[%emt 00:00:43]} 35. Qe2 {[%clk 00:42:23]} {[%emt
00:00:36]} Rf5 {[%clk 00:41:32]} {[%emt 00:00:27]} 36. Ne3 {[%clk 00:41:49]}
{[%emt 00:00:38]} Qe7 {[%clk 00:40:29]} {[%emt 00:01:08]} 37. Qe1 {[%clk
00:41:20]} {[%emt 00:00:33]} Re5 {[%clk 00:40:19]} {[%emt 00:00:17]} 38. Qd2
{[%clk 00:41:05]} {[%emt 00:00:19]} Rxe3 {[%clk 00:38:57]} {[%emt 00:01:28]}
39. Qd1 {[%clk 00:40:19]} {[%emt 00:00:50]} Re6 {[%clk 00:38:39]} {[%emt
00:00:23]} 40. Kh1 {[%clk 00:39:53]} {[%emt 00:00:30]} Rf6 {[%clk 00:38:42]}
{[%emt 00:00:03]} 41. Re1 {[%clk 00:39:25]} {[%emt 00:00:33]} Qf7 {[%clk
00:37:09]} {[%emt 00:01:38]} 42. Qd8+ {[%clk 00:39:13]} {[%emt 00:00:18]} Kh7
{[%clk 00:36:28]} {[%emt 00:00:45]} 43. Qd3+ {[%clk 00:38:51]} {[%emt
00:00:27]} Qg6 {[%clk 00:36:14]} {[%emt 00:00:19]} 44. Qd1 {[%clk 00:38:18]}
{[%emt 00:00:37]} Rxf2 {[%clk 00:34:56]} {[%emt 00:01:25]} 45. Rg1 {[%clk
00:38:08]} {[%emt 00:00:15]} Rf6 {[%clk 00:34:42]} {[%emt 00:00:18]} 46. Re1
{[%clk 00:37:26]} {[%emt 00:00:46]} Rf2 {[%clk 00:34:29]} {[%emt 00:00:19]} 47.
Rg1 {[%clk 00:37:20]} {[%emt 00:00:12]} Rc2 {[%clk 00:34:28]} {[%emt 00:00:05]}
48. h4 {[%clk 00:36:59]} {[%emt 00:00:26]} Bxg1 {[%clk 00:34:20]} {[%emt
00:00:13]} 49. h5 {[%clk 00:36:45]} {[%emt 00:00:17]} Qxg2# {[%emt 00:02:57]}
0-1